[Event "CZE-ch U10/12 Girls"]
[Site "Czech Republic"]
[Date "2004.03.13"]
[Round "9"]
[White "Palkovicova, Veronika"]
[Black "Komaskova, Jana"]
[Result "1-0"]
[WhiteElo "1100"]
[BlackElo "1100"]
[PlyCount "111"]
[EventDate "2004.03.06"]
[EventType "swiss"]
[EventRounds "9"]
[EventCountry "CZE"]
[SourceTitle "EXT 2007"]
[Source "ChessBase"]
[SourceDate "2006.11.23"]
[SourceVersion "1"]
[SourceVersionDate "2006.11.23"]
[SourceQuality "1"]

1. e4 e5 2. Nf3 Nc6 3. Bc4 Bc5 4. c3 Nf6 5. d4 exd4 6. cxd4 Bb4+ 7. Bd2 Bxd2+ 8. Nbxd2 d6 9. d5 Nb4 10. Bb5+ Bd7 11. Bxd7+ Qxd7 12. a3 Nd3+ 13. Ke2 Nxb2 14. Qb1 Na4 15. Qxb7 Qc8 16. Qb5+ Qd7 17. Qxd7+ Nxd7 18. Rac1 Rc8 19. Rc6 0-0 20. Ra6 Ra8 21. Rxa4 Nf6 22. e5 dxe5 23. Nxe5 Nxd5 24. Rc1 Rfe8 25. Ndc4 Nb6 26. f4 Nxa4 27. Nd2 Nb6 28. Rxc7 a5 29. Rxf7 Rf8 30. Rb7 Nd5 31. g3 Nc3+ 32. Kd3 Nd5 33. Ke4 Nf6+ 34. Kf3 Rad8 35. Rb2 Rd5 36. Ndc4 Ra8 37. Nb6 Rad8 38. Nxd5 Nxd5 39. Ke4 Nc3+ 40. Kf5 Re8 41. Nc6 g6+ 42. Kg4 a4 43. Rc2 h5+ 44. Kg5 Ne4+ 45. Kxg6 Re6+ 46. Kxh5 Nf6+ 47. Kh4 Kf8 48. Nd8 Re8 49. Rd2 Ke7 50. Nc6+ Kf7 51. Ne5+ Kg7 52. Rd4 Rh8+ 53. Kg5 Nh7+ 54. Kf5 Rf8+ 55. Ke4 Nf6+ 56. Kf3 1-0

[Event "CZE-ch U10/12 Girls"]
[Site "Czech Republic"]
[Date "2004.03.07"]
[Round "2"]
[White "Soukupova, Anezka"]
[Black "Palkovicova, Veronika"]
[Result "1-0"]
[WhiteElo "1250"]
[BlackElo "1100"]
[PlyCount "83"]
[EventDate "2004.03.06"]
[EventType "swiss"]
[EventRounds "9"]
[EventCountry "CZE"]
[SourceTitle "EXT 2007"]
[Source "ChessBase"]
[SourceDate "2006.11.23"]
[SourceVersion "1"]
[SourceVersionDate "2006.11.23"]
[SourceQuality "1"]

1. e4 e5 2. Nf3 Nc6 3. d4 exd4 4. Nxd4 Bb4+ 5. c3 Bc5 6. Nxc6 bxc6 7. Bc4 Qf6 8. 0-0 d5 9. exd5 cxd5 10. Re1+ Ne7 11. Bb5+ Bd7 12. Bxd7+ Kxd7 13. Be3 Bd6 14. Qg4+ Nf5 15. Bd4 Qg6 16. Qxg6 hxg6 17. Be5 f6 18. Bxd6 Kxd6 19. b3 Rhe8 20. Nd2 Re7 21. Rxe7 Nxe7 22. c4 d4 23. Re1 Nc6 24. Ne4+ Kd7 25. Nc5+ Kd6 26. b4 a5 27. Nb7+ Kd7 28. b5 Nb4 29. a4 Ra7 30. Nc5+ Kc8 31. Rd1 d3 32. Nxd3 Nxd3 33. Rxd3 Kb7 34. Rd7 Ra8 35. Rxg7 Rd8 36. h4 Rh8 37. g3 Rh6 38. c5 Rh5 39. c6+ Kb6 40. Rxg6 Rd5 41. Rxf6 Rc5 42. g4 1-0